| 000 | 00548nam a2200205Ia 4500 | ||
|---|---|---|---|
| 005 | 20241129110024.0 | ||
| 008 | 241129s9999||||xx |||||||||||||| ||und|| | ||
| 020 | _a978-81-8315-490-1 | ||
| 037 | _aTB | ||
| 040 |
_aARTS _beng _cARTS |
||
| 041 |
_aeng _2san |
||
| 084 |
_aO15:gxH35,1 R1 _qARTS |
||
| 245 | 0 | _aSahityadarpan | |
| 260 |
_aDelhi, India _bNew Bhartiya Book Corporetion _c2019 |
||
| 300 | _a706p. | ||
| 365 |
_aINR _b1500 |
||
| 650 | _aSanskrit Literature | ||
| 942 |
_cTB _hO15:gxH35,1 R1 |
||
| 999 |
_c1227025 _d1227025 |
||